| 000 | 00697nam a22002055i 4500 | ||
|---|---|---|---|
| 001 | 161630 | ||
| 003 | ES-MaACL | ||
| 005 | 20230906212328.0 | ||
| 008 | 000724s1865 fr |||| | fre d | ||
| 040 |
_aCCPB | B _bspa _cCCPB | B |
||
| 100 | 1 |
_aPelletan, Eugène. _9223510 |
|
| 245 | 1 | 3 |
_aLa mère / _cpar Eugène Pelletan. |
| 260 |
_aParis : _blibrairie internationale : _bPagnerre, éditeur : _bA. Lacroix, Verboeckhoven et Cie., _c1865 ( _fimprimerie J. Claye) |
||
| 300 |
_a370 p. ; _c22 cm. |
||
| 594 | 1 | _aPrecede al tít.: La famille. | |
| 752 |
_aFrancia - _dParís |
||
| 852 |
_aES-MaACL _jG-12325 _z-- Enc. hol. |
||
| 852 |
_aES-MaACL _jD-5024 _z-- Enc. hol. |
||
| 999 |
_c161630 _d161630 |
||